Random Rap Songs Quiz - Statistics

General Stats
  • This quiz has been taken 7,544 times
  • The average score is 14 of 37
Answer Stats
Hint Answer % Correct
In Da Club 50 Cent
87%
Gold Digger Kanye West
82%
Without Me Eminem
78%
Love Sosa Chief Keef
75%
Swimming Pools (Drank) Kendrick Lamar
75%
Straight Outta Compton N.W.A.
73%
Hey Ya! OutKast
69%
Gin and Juice Snoop Dogg
67%
Marvins Room Drake
66%
2 of Amerikaz Most Wanted Tupac Shakur
62%
I Need A Doctor Dr. Dre
52%
C.R.E.A.M. Wu-Tang Clan
52%
Yonkers Tyler, The Creator
50%
Big Pimpin' Jay-Z
47%
Juicy The Notorious B.I.G.
41%
No Worries Lil Wayne
39%
I'm Different 2 Chainz
32%
Mama Said Knock You Out LL Cool J
31%
Party Up (Up in Here) DMX
26%
Get Low Lil' Jon
25%
Purple Swag ASAP Rocky
23%
Bandz a Make Her Dance Juicy J
22%
Diced Pineapples Rick Ross
20%
Make It Nasty Tyga
18%
Stand Up Ludacris
17%
Oldie Odd Future
17%
Wild Boy Machine Gun Kelly
16%
No Hands Waka Flocka Flame
16%
Bring Em Out T.I.
14%
Put On Young Jeezy
13%
911 Is a Joke Public Enemy
12%
Ambition Wale
12%
When I'm Gone Wiz Khalifa
12%
House Party Meek Mill
10%
Mula Big Sean
7%
Orange Juice Earl Sweatshirt
5%
La Bonita Mellowhype
2%
No matching quizzes found
Score Distribution
Percent of People with Each Score
Percentile by Number Answered
Your Score History
You have not taken this quiz